Представление документа в формате RUSMARC

ПолеНазваниеЗначение
  Тип записи a
  Библиографический уровень a
001 Контрольный номер 25cc98c99e5b49f98166ef888122a5ec
005 Дата корректировки 20240207194003.9
100 Данные общей обработки __
a Данные общей обработки 20240123 ||| 0rusy0189 ca
101 Язык документа 0_
a Язык текста rus
102 Страна публикации __
a Страна публикации RU
200 Заглавие и сведения об ответственности 1_
a Заглавие На добрую память
e Сведения, относящиеся к заглавию [мобильные приложения для тренировки памяти и улучшения внимания - "Феноменальная память", "Memoris", "Mnemocon", "Memory Games", "Детектив - игра на логику"]
f Первые сведения об ответственности К. Клаус
461 Уровень набора _0
1 2000
a Маруся
463 Уровень физической единицы _0
1 2000
a № 1 (369)
v С. 30-31 : фот.
1 2101
d 2024
1 001464ad3f94ad5408aa35dea045bcd6bef
606 Тематические рубрики 0_
a Основная рубрика Программирование - Мобильные приложения
610 Ключевые слова 0_
a Ключевые слова мобильные приложения, память, тренировка памяти, развитие памяти, Феноменальная память (приложение), Тренируйте свой мозг (приложение), Memoris (приложение), Mnemocon (приложение), Memory Games (приложение), Case Hunter (приложение)
686 Индексы других классификаций __
a Классификационный индекс 32.973
700 Автор _1
a Фамилия Клаус
b Имя (инициалы) К.
g Полное личное имя Катерина
801 Источник записи _0
a Страна RU
b Организация УОБДЮ
c Дата составления 20240123
g Правила каталогизации RCR
801 Источник записи _1
a Страна RU
b Организация УОБДЮ
c Дата составления 20240123
g Правила каталогизации RCR
901 Тип документа __
t Тип документа b
w Контрольный № источника 464ad3f94ad5408aa35dea045bcd6bef
905 Данные по созданию БЗ __
b Логин пользователя, который создал БЗ ibo4
909 Создатель записи __
a Создатель записи Бобылёва И.В.
910 Корректоры записи __
a Корректор записи Бобылёва И.В.
919 __
a Бобылёва И.В.
c Бобылёва И.В.